Humoristes par images #1 - Statistiques

Statistiques générales
  • Ce quiz a été pris 512 fois
  • Le résultat moyen est 13 sur 16
Statistiques - réponses
Par images Réponse % Correct
Kev Adams
99%
Gad Elmaleh
94%
Jamel Debbouze
93%
Artus
92%
Florence Foresti
91%
Paul Mirabel
90%
Jarry
88%
Ahmed Sylla
85%
Booder
84%
Inès Reg
82%
Alban Ivanov
76%
Fabrice Eboué
76%
Anne Roumanoff
73%
Arnaud Tsamere
72%
Jéremy Ferrari
68%
redouane bougheraba
57%
Aucun quiz correspondant
Distribution des résultats
% des personnes avec chaque résultat
Percentile par nombre de réponses
Votre historique - résultats
Vous n’avez pas pris ce quiz